000 00782cam a22002413a 4500
001 3531
003 PGUSA
005 20140828083034.0
008 021101s2002||||xxu|||||s|||||000 | eng d
040 _aPGUSA
_beng
042 _adc
050 4 _aPR
100 1 _aChesterfield, Philip Dormer Stanhope, Earl of,
_d1694-1773
245 1 0 _aWidger's Quotations from the Project Gutenberg Editions of the Works of Lord Chesterfield
_h[electronic resource] /
_cPhilip Dormer Stanhope, Earl of Chesterfield
260 _bProject Gutenberg,
_c2002
506 _aPublic domain in the USA.
516 _aElectronic text
653 _aQuotations
700 1 _aWidger, David,
_d1932-
830 0 _aProject Gutenberg
_v3531
856 4 0 _uhttp://www.gutenberg.org/ebooks/3531
942 _cEB
999 _c232860
_d232860